000 00505cam a2200145 4500500
005 20251012021529.0
041 _afre
042 _adc
100 1 0 _aSalin, Dominique
_eauthor
245 0 0 _aRémy Valléjo, RÉDUIT À RIEN, Les derniers jours de Maître Eckhart Cerf, 2021, 232 p., 18 €.
260 _c2021.
500 _a9
786 0 _nChristus | º272 | 4 | 2021-10-01 | p. 120-121 | 0009-5834
856 4 1 _uhttps://shs.cairn.info/revue-christus-2021-4-page-120?lang=fr&redirect-ssocas=7080
999 _c1538603
_d1538603